000 01040cam a2200289 i 4500
001 18614
003 Mx-PuUPA
005 20230420132948.0
008 140415s1994 mx d gr 000 0 spa d
020 _a9701005228
040 _cMx-PuUPA
_aMx-PuUPA
_bspa
_dMx-PuUPA
_erda
041 0 _aspa
100 1 _aDionne Duddy, George W.,
_eautor
245 1 0 _aReto al cambio :
_bun modelo vivencial para facilitar los procesos de superación personal /
_cGeorge W. Dionne Duddy, Enrique Reig Pintado
250 _aPrimera edición
264 1 _aNaucalpan de Juárez, Edo. de México :
_bMcGraw-Hill/Interamericana de México,
_c©1994
300 _axix, 195 páginas :
_bdiagramas ;
_c24 cm
336 _2rdacontent
_atexto
_btxt
337 _2rdamedia
_asin medio
_bn
338 _2rdacarrier
_avolumen
_bnc
650 7 _2armarc
_aConfianza en sí mismo
650 7 _2armarc
_aAutoaceptación
700 1 _aReig Pintado, Enrique,
_eautor
942 _2ddc
_cLI
_h158.8
_iD588
999 _c18614
_d18614